| 000 | 00755nam a2200241Ia 4500 | ||
|---|---|---|---|
| 003 | OSt | ||
| 005 | 20220925215427.0 | ||
| 006 | a|||||r|||| 00| 0 | ||
| 007 | ta | ||
| 008 | 220923b |||||||| |||| 00| 0 eng d | ||
| 037 | _cGeneral Book | ||
| 040 |
_aRTL _cRTL _beng |
||
| 041 |
_2eng _aeng |
||
| 082 | _aV73:71.B, L3 | ||
| 100 |
_aBailey James _957581 |
||
| 245 | 0 |
_aThe Godkings and the Titans _b The new world ascendancy in ancient times |
|
| 260 |
_aLondon _bHodder & Stoughton UK _c1973 |
||
| 300 |
_a350p _ccm. |
||
| 500 | _aBibliography: P 325-31; Appendix: P 299-324; Index:P339-350 | ||
| 650 |
_aConstitution United States _9240337 |
||
| 942 |
_hV73:71.B, L3 _cGB _2CC |
||
| 999 |
_c568783 _d568783 |
||